00717nam a2200241Ia 450000100060000000300090000600800410001504000130005604000130006904100130008210000200009510000280011524500240014324500300016725000110019726000090020826000110021726000490022830000570027750000820033465000280041665000310044419522IT-RoPAU130308s9999 xx 000 0 und d aIT-RoPAU cIT-RoPAU aITALIANO aMarpicati Guido gCodice Aut. SPICS: 888 aFilm in colore (Il) bAvventura del colore (L') a1a ed. aROMA bAteneo c1956 [1° Ed.:1956 - Ed.Ling.Originale:1956] a"28 p. (prefazione: no ; testo: 28 [pagine: 47-75])" aFotochimica immagine Fotografica Luce colore sistemi Cinematografici a Colori aTECNICA CINEMATOGRAFICA eCodice materia Spics: 6802